| 000 | 01039nam a22002777a 4500 | ||
|---|---|---|---|
| 001 | 5440 | ||
| 003 | FISKH | ||
| 005 | 20241206134505.0 | ||
| 008 | 241206b cb ||||| |||| 00| 0 eng d | ||
| 020 | _a9781407180212 | ||
| 040 |
_aFISKH _beng _cFISKH _dFISKH |
||
| 050 | _aPZ7.R25576 | ||
| 082 | _a823.92 | ||
| 100 | _aReeve, Philip | ||
| 245 |
_aScrivener's moon / _cby Philip Reeve |
||
| 260 |
_aNew York : _bScholastic ; _c2011. |
||
| 300 |
_a349 pages : _billustrations ; _c21 cm. |
||
| 490 | _aMortal Engines (00.3) | ||
| 505 | _aZ | ||
| 520 | _aWhen she returns home after two years, Fever finds that her Scriven mother's creation, New London, the city on wheels, is nearly complete and ready to fight the nomad tribes of Britain--and Fever must journey to the north to find the ancient birthplace of the Scriven mutants and solve the mystery of her own past. | ||
| 521 | 8 |
_a970
_bLexile |
|
| 521 | 8 |
_aZ
_bRaz-Plus |
|
| 650 |
_asteampunk _vFiction |
||
| 650 |
_apost-apocalyptic _vFiction |
||
| 942 |
_2ddc _cBK _n0 |
||
| 999 |
_c5440 _d5440 |
||